Tài liệu tham khảo về Cách mạng tháng Tám

Kaydedildi:
Detaylı Bibliyografya
Materyal Türü: Kitap
Dil:Undetermined
Baskı/Yayın Bilgisi: Hà Nội Giáo dục 1978
Konular:
Etiketler: Etiketle
Etiket eklenmemiş, İlk siz ekleyin!
Thư viện lưu trữ: Trung tâm Học liệu Trường Đại học Cần Thơ
LEADER 00446nam a2200145Ia 4500
001 CTU_11050
008 210402s9999 xx 000 0 und d
082 |a 959.703 
082 |b T103 
245 0 |a Tài liệu tham khảo về Cách mạng tháng Tám 
260 |a Hà Nội 
260 |b Giáo dục 
260 |c 1978 
650 |a vietnam - history - august revolution, 1945 
980 |a Trung tâm Học liệu Trường Đại học Cần Thơ